000 02344nam a22003857a 4500
001 42835
003 gtgccic
005 20251107114600.0
007 ta
008 251107b gt ||||| |||| 00| 0 spa d
040 _agtgccic
_bspa
_cgtgccic
_erda
084 _0TPI-16-0105
100 1 0 _aAlicia Eugenia Ruano Aguilar
_dIngeniera en Ciencias y Sistemas
_eautor
245 1 0 _aProyecto de emprendimiento empresarial en el diseño de soluciones a riesgos de seguridad en la información,
_bbasado en la teoría general de disuasión /
_cRuano Aguilar, Alicia Eugenia
264 1 _aGuatemala, Guatemala :
_bUSAC, Facultad de Ingeniería ;
_c2016 .-
300 _axxxii, 107 p. :
_bil. ;
_c27 cm
336 _2rdacontenido
_aTexto
_btxt
337 _2rdamedio
_asin mediación
_bn
338 _2rdasoporte
_avolumen
_bnc
502 _aTesis Postgrado
_bMAESTRA EN TECNOLOGÍAS DE LA INFORMACIÓN Y LA COMUNICACIÓN
_cUSAC, Facultad de Ingeniería, Escuela de Postgrado
_d2016
_oTPI-16-0105
504 _aBibliografía pag. 91
505 _t1. ANTECEDENTES
505 _t2. JUSTIFICACIÓN
505 _t3. ALCANCES
505 _t4. MARCO TEÓRICO
505 _t5. DISEÑO DE LA SOLUCIÓN A RIESGOS DE SEGURIDAD DE LA INFORMACIÓN EN UNA ORGANIZACIÓN, BASADO EN LA TEORÍA GENERAL DE DISUACIÓN
505 _t6. PRESENTACIÓN DE RESULTADOS
505 _t7. DISCUSIÓN DE RESULTADOS
520 3 _aSe entiende por información todo aquel conjunto de datos organizados en poder de una organización o empresa y que poseen valor para la misma. La seguridad de la información, según ISO 27001, consiste en la preservación de la confidencialidad, integridad y disponibilidad, así como de los sistemas implicados en su tratamiento, dentro de una organización. La información, junto a los procesos y sistemas que hacen uso de ella, son activos muy importantes de una organización. La confidencialidad, integridad y disponibilidad de información sensible pueden llegar a ser esenciales para mantener los niveles de competitividad, rentabilidad, conformidad legal e imagen empresarial necesarios para lograr los objetivos de la organización y asegurar beneficios económicos.
650 _aNORMAS DE SEGURIDAD
650 _aDISUASIÓN
700 _aMsc. Ing. Everest Medinilla
_easesor
942 _2ddc
_cTPS
945 _aamlo
999 _c2512
_d2512